000 00468cam a2200157 4500500
005 20251012032550.0
041 _afre
042 _adc
100 1 0 _aCelan, Paul
_eauthor
700 1 0 _a Briet, Valérie
_eauthor
245 0 0 _aSprich auch du/Toi aussi, parle
260 _c2005.
500 _a38
786 0 _nSigila | 16 | 2 | 2005-12-20 | p. 204-205 | 1286-1715
856 4 1 _uhttps://shs.cairn.info/revue-sigila-2005-2-page-204?lang=fr&redirect-ssocas=7080
999 _c1547664
_d1547664